Novela Zákonníka práce účinná od 1. septembra 2007

Pokračovanie komentára k novelizácii Zákonníka práce z predchádzajúceho čísla.

Gespeichert in:
Bibliographische Detailangaben
1. Verfasser: Macková, Zuzana
Format: Buchkapitel
Sprache:Slowakisch
Schlagworte:
Tags: Tag hinzufügen
Keine Tags, Fügen Sie das erste Tag hinzu!

MARC

LEADER 00000naa$a2200000$$$4500
001 0067181
005 20231127093039.7
041 0 |a slo 
044 |a SK 
245 1 0 |a Novela Zákonníka práce účinná od 1. septembra 2007  |c Zuzana Macková 
520 |a Pokračovanie komentára k novelizácii Zákonníka práce z predchádzajúceho čísla. 
610 2 0 |a Slovensko 
610 2 0 |a zákony 
610 2 0 |a novelizácia 
610 2 0 |a zákonník práce 
100 1 |a Macková, Zuzana